Normal view
MARC view
Entry Personal Name
001 - CONTROL NUMBER
- control field: 26740
003 - CONTROL NUMBER IDENTIFIER
- control field: OSt
005 - DATE AND TIME OF LATEST TRANSACTION
- control field: 20210811104455.0
008 - FIXED-LENGTH DATA ELEMENTS
- fixed length control field: 210811|| aca||aabn | a|a d
040 ## - CATALOGING SOURCE
- Original cataloging agency: OSt
- Transcribing agency: OSt
100 ## - HEADING--PERSONAL NAME
- Personal name: Sharma, Saumya
670 ## - SOURCE DATA FOUND
- Source citation: Work cat.: (OSt)517518: Sharma, Saumya, Untold urban economy: A study of sex work in the Pernas of Reala Khanpur, South West Delhi
